|
|
|
|
| LEADER |
00000nam a2200000 a 4500 |
| 001 |
vtls008419428 |
| 003 |
SK-MaSNL |
| 005 |
20260301123736.0 |
| 008 |
240318s2004 xr f f f 001 0 cze |
| 020 |
|
|
|a 8025101584
|q (brož.)
|
| 040 |
|
|
|a SNK
|b slo
|c SNK
|e AACR2
|
| 041 |
0 |
|
|a cze
|
| 044 |
|
|
|a xr
|c CZ
|
| 072 |
|
7 |
|a 004.9
|x Špeciálne počítačové metódy. Počítačová grafika
|2 konspekt
|
| 080 |
|
|
|a 004.42GIMP
|2 MDT-MRF
|
| 080 |
|
|
|a 004.932.4
|2 MDT-MRF
|
| 080 |
|
|
|a (035)
|2 MDT-MRF
|
| 100 |
1 |
|
|a Vybíral, Josef,
|d 1981-
|4 aut
|9 122421
|
| 245 |
1 |
0 |
|a GIMP
|b uživatelská příručka
|c Josef Vybíral
|
| 250 |
|
|
|a 1. vyd.
|
| 260 |
|
|
|a Brno
|b Computer Press
|c 2004
|
| 300 |
|
|
|a 149 s.
|b fotogr., ilustr., sch.
|c 23 cm
|e 1 CD
|
| 650 |
0 |
7 |
|a GIMP
|2 SNKPH
|9 85325
|
| 650 |
0 |
7 |
|a grafické editory
|2 SNKPH
|9 49758
|
| 655 |
|
7 |
|a príručky
|2 SNKPH
|9 74364
|
| 919 |
|
|
|a 80-251-0158-4
|
| 999 |
|
|
|c 737293
|d 739223
|
| 952 |
|
|
|a SNK
|b SNK
|y VYP
|7 0
|p 17A0464850
|o snkIC 132843
|i snk2005/21340
|8 3
|g 9.53
|0 0
|1 0
|4 0
|d 2005-12-19
|l 0
|r 2026-02-23 22:48:23
|w 2026-02-23
|
| 952 |
|
|
|a SNK
|b SNK
|y PREZ
|7 0
|p 17A0464863
|o snkIC 132843/pril.
|i snk2005/21340
|8 3
|0 0
|1 0
|4 0
|d 2005-12-19
|l 0
|r 2026-02-23 22:48:23
|w 2026-02-23
|